00418nam a2200133Ia 4500003000400000005001700004008004100021040000900062082001500071100003100086245011000117260004800227300000900275OSt20210106151004.0190216s9999||||xx |||||||||||||| ||und|| coclc a200bRAN/U aRanade, Eknath Ramakrishna 0aUthishta Bharatha Athava Swami Vivekanandhante Hindu Rashtrathodulla Ahwanam /cEknath Ramakrishna Ranade bBavanandi Publications, aErnakulam:c1963. a238p